01190nab a22002297a 4500999001500000003000400015005001700019008004100036040000700077100003000084245021200114300001500326500003600341505015800377505010700535650005800642650002800700650002800728650003500756773015600791942001300947 c5757d5757OSt20260105144754.0190514b xxu||||| |||| 00| 0 spa d cPJ 96671aFonollosa, Rocío 10aMitad y mitad no alcanza: reflexiones en torno a la obligación alimentaria de los/as progenitores en el cuidado personal alternado. Un análisis con perspectiva de niñez y género /cRocío Fonollosa. ap. 110-116 aCita: TR LALEY AR/DOC/870/2025. aSumario: I. Introducción.— II. Sentencia de primera instancia y apelación.— III. Segunda instancia.— IV. Desarrollo.— V. Breve conclusión.  tFallo comentado: C2aCiv. y Com., La Plata, sala I ~ 12/12/2024 ~ M., R. J. c. M., J. M. s/ alimentos. 092741aDERECHOS DE LAS NIÑAS, NIÑOS Y ADOLESCENTES 09967aDERECHO DE FAMILIA 094099aCUOTA ALIMENTARIA 091057aJURISPRUDENCIA APLICABLE0 0284493222dBuenos Aires : AbeledoPerrot, 1989-tDerecho de familia. Revista Interdisciplinaria de doctrina y jurisprudencia. Junio 2025-III.z18511201 2udccANA